000 00639nam a2200181 a 4500
008 120416s1994 ||||||||||||||||| || u
020 _a0435825844
050 _aHD 30.28 Fie
100 _aMidgley, James
245 1 4 _aThe fields and methods of social planning
_cedited by James Midgley
260 _aLondon
_bHeinemann
_c1994
300 _avii, 215p. : ill.
350 _a0.00
650 _aSOCIAL PLANNING--MANAGEMENT
650 0 _aMANAGEMENT
700 _aPiachaud, David
995 _D0.00
_FCBU-MAIN LIBRARY (Kitwe)
_H1
_I5.50
_M1
_UAVAILABLE
_ZMain Library Open Access Collection
999 _c43255
_d43255